000 00235 a2200097 4500
001 25412
100 _aHardie, D W F
245 _aHistory of the Modern British Chemical industry
260 _a
_bPergamon
_c1969
090 _c17154
_d17154
942 _aNUST-CAE
_cM
_c7952
999 _c260485
_d260485